Parishes of Andorra Quiz - Statistics

General Stats
  • This quiz has been taken 24 times
  • The average score is 5 of 7
Answer Stats
Parish % Correct
Andorra la Vella
100%
Escaldes–Engordany
90%
Ordino
80%
Canillo
70%
Encamp
70%
Sant Julià de Lòria
70%
La Massana
50%
No matching quizzes found
Score Distribution
Percent of People with Each Score
Percentile by Number Answered
Your Score History
You have not taken this quiz